Southville International School and Colleges
Your cart is empty.
  • Cart
  • Lists
    Public lists Eva Luna New books Lux_list list_1
    Your lists Log in to create your own lists
  • Log in to your account
  • Your cookies
  • Search history
Southville International School and Colleges
  • Advanced search
  • Recent comments
  • Most popular
  • Libraries

Log in to your account

Log in with GOOGLE


If you do not have an external account, but do have a local account, you can still log in:

  1. Home
  2. MARC view: Clear and present danger
Normal view MARC view ISBD view

Clear and present danger (Record no. 11915)

[ view plain ]
MARC details
000 -LEADER
fixed length control field 00926cam a2200301 a 4500
001 - CONTROL NUMBER
control field 2925401
003 - CONTROL NUMBER IDENTIFIER
control field LC
005 - DATE AND TIME OF LATEST TRANSACTION
control field 20160304142541.0
008 - FIXED-LENGTH DATA ELEMENTS--GENERAL INFORMATION
fixed length control field 890526s1989 nyu 000 1 eng
010 ## - LIBRARY OF CONGRESS CONTROL NUMBER
LC control number 89010287
020 ## - INTERNATIONAL STANDARD BOOK NUMBER
International Standard Book Number 9780002234771
040 ## - CATALOGING SOURCE
Original cataloging agency DLC
Transcribing agency DLC
Modifying agency DLC
-- OCoLC
043 ## - GEOGRAPHIC AREA CODE
Geographic area code n-us---
050 00 - LIBRARY OF CONGRESS CALL NUMBER
Classification number PS 3553 .L245
Item number .C587 1989
082 00 - DEWEY DECIMAL CLASSIFICATION NUMBER
Classification number FIC
Item number C52cl 1989
100 1# - MAIN ENTRY--PERSONAL NAME
Personal name Clancy, Tom,
Dates associated with a name 1947-
9 (RLIN) 20021
245 10 - TITLE STATEMENT
Title Clear and present danger
Statement of responsibility, etc Tom Clancy
260 ## - PUBLICATION, DISTRIBUTION, ETC. (IMPRINT)
Place of publication, distribution, etc New York :
Name of publisher, distributor, etc Wiliam Collins Sons & Co. Ltd.,
Date of publication, distribution, etc 1989.
300 ## - PHYSICAL DESCRIPTION
Extent 816 p. :
Dimensions 24 cm.
650 #0 - SUBJECT ADDED ENTRY--TOPICAL TERM
Topical term or geographic name as entry element Criminal activities
General subdivision Fiction
9 (RLIN) 20022
650 #0 - SUBJECT ADDED ENTRY--TOPICAL TERM
Topical term or geographic name as entry element Drug lords
General subdivision Colombia
-- Fiction
9 (RLIN) 20023
650 #0 - SUBJECT ADDED ENTRY--TOPICAL TERM
Topical term or geographic name as entry element Assassination
General subdivision Fiction
9 (RLIN) 20840
650 #0 - SUBJECT ADDED ENTRY--TOPICAL TERM
Topical term or geographic name as entry element Mr.Clark (Fictitious character
Geographic subdivision Fiction.
9 (RLIN) 20841
655 #7 - INDEX TERM--GENRE/FORM
Genre/form data or focus term Spy stories.
Source of term gsafd
9 (RLIN) 4765
906 ## - LOCAL DATA ELEMENT F, LDF (RLIN)
a 7
b cbc
c orignew
d 1
e ocip
f 19
g y-gencatlg
942 ## - ADDED ENTRY ELEMENTS (KOHA)
Source of classification or shelving scheme Library of Congress Classification
Koha item type Books
Holdings
Withdrawn status Lost status Source of classification or shelving scheme Damaged status Home library Current library Shelving location Date acquired Total Checkouts Full call number Barcode Date last seen Copy number Price effective from Koha item type Sub Shelving location
    Library of Congress Classification   Luxembourg Library Luxembourg Library Fiction Section 09/21/2013   PS 3553.L245 .C587 1989 2340 09/21/2013 1 09/21/2013 Books  
    Library of Congress Classification   Luxembourg Library Luxembourg Library Fiction Section 04/26/2014   PS 3553.L245 .C587 1989 7038 04/26/2014 2 04/26/2014 Books  

Clear and present danger

APA

Clancy T., . (1989). Clear and present danger. New York: Wiliam Collins Sons & Co. Ltd.

Chicago

Clancy Tom, . 1989. Clear and present danger. New York: Wiliam Collins Sons & Co. Ltd.

Harvard

Clancy T., . (1989). Clear and present danger. New York: Wiliam Collins Sons & Co. Ltd.

MLA

Clancy Tom, . Clear and present danger. New York: Wiliam Collins Sons & Co. Ltd. 1989.

  • Place hold
  • Print
  • Cite
  • Add to your cart (remove)
  • Save record
    BIBTEX Dublin Core MARCXML MARC (non-Unicode/MARC-8) MARC (Unicode/UTF-8) MARC (Unicode/UTF-8, Standard) MODS (XML) RIS
  • More searches
    Search for this title in:
    Other Libraries (WorldCat) Other Databases (Google Scholar) Online Stores (Bookfinder.com) Open Library (openlibrary.org)

Exporting to Dublin Core...

SOUTHVILLE LIBRARY

Southville International School and Colleges Library

1281 Tropical Ave. Cor. Luxembourg St., BF Homes International, Las Pinas City

Tel. No. 8256374 / 252358 Loc. 117/146

Powered by Koha